Statistics for EuroLeague winners 2002-2016

Click here to take the quiz!

General Stats

  • This quiz has been taken 480 times
  • The average score is 13 of 15

Answer Stats

YearAnswer% Correct
2014-15Real
97%
2009-10Barcelona
94%
2002-03Barcelona
94%
2005-06CSKA
91%
2007-08CSKA
91%
2015-16CSKA
91%
2001-02Panathinaikos
87%
2006-07Panathinaikos
87%
2008-09Panathinaikos
87%
2010-11Panathinaikos
87%
2003-04Maccabi
84%
2004-05Maccabi
84%
2013-14Maccabi
84%
2011-12Olympiacos
80%
2012-13Olympiacos
80%

Score Distribution

Percentile by Number Answered

Percent of People with Each Score

Your Score History

You have not taken this quiz